000 00352nam a2200145Ia 4500
008 230917s9999||||xx |||||||||||||| ||und||
040 _e220137
_aMAIN
041 _aEnglish
082 _a784.4 S58H
100 _aSanjay Kumar
245 0 _aHaryana lok sanskrit ka sanvahak lok sang-ek adhyayam
260 _c2013
300 _a266 p.
942 _cTH
999 _c126200
_d126200